México megaciudad : desarrollo y política, 1970-2002 /
Estudio general sobre la Ciudad de México, la más poblada del mundo a finales del siglo XX, que pese a enfrentar numerosos y graves problemas (empleo mal remunerado, una pobre infraestructura urbana, agudas desigualdades entre sus habitantes, deterioro ambiental, etcétera), mantiene la "fábrica" de...
Guardado en:
| Autor principal: | |
|---|---|
| Otros autores: | |
| Formato: | Libro |
| Idioma: | Español |
| Publicado: |
Toluca, México : México :
El Colegio Mexiquense ; Miguel Angel Porrúa,
2004, c2004
|
| Edición: | 2a edición |
| Colección: | (Las Ciencias Sociales Miguel Angel Porrúa. Segunda Década)
|
| Temas: | |
| Etiquetas: |
Sin etiquetas, Sé el primero en etiquetar este registro!
|
MARC
| LEADER | 00000nam^a2200000^a^4500 | ||
|---|---|---|---|
| 001 | 000184495 | ||
| 005 | 20250521000000.0 | ||
| 009 | 20260310102116.153 | ||
| 020 | |a 970-701-447-4 | ||
| 037 | |a Acervo ITESO - Biblioteca | ||
| 041 | |a ESP | ||
| 082 | |a 711. 40972532 |b WAR | ||
| 100 | |a Ward, Peter M. |e (autor) | ||
| 240 | 1 | 1 | |a [México: una megaciudad : producción y reproducción de un medio ambiente urbano] |
| 245 | 1 | 0 | |a México megaciudad : |b desarrollo y política, 1970-2002 / |c P.M. Ward ; anexos de A.X. Iracheta. |
| 250 | |a 2a edición |b revisada | ||
| 264 | 4 | |a Toluca, México : |b El Colegio Mexiquense ; |a México : |b Miguel Angel Porrúa, |c 2004, c2004 | |
| 300 | |a 655 p. | ||
| 336 | |a texto |b txt |2 rdacontenido | ||
| 337 | |a sin mediación |b n |2 rdamedio | ||
| 338 | |a volumen |b nc |2 rdasoporte | ||
| 440 | 5 | |a (Las Ciencias Sociales Miguel Angel Porrúa. |p Segunda Década) | |
| 520 | |a Estudio general sobre la Ciudad de México, la más poblada del mundo a finales del siglo XX, que pese a enfrentar numerosos y graves problemas (empleo mal remunerado, una pobre infraestructura urbana, agudas desigualdades entre sus habitantes, deterioro ambiental, etcétera), mantiene la "fábrica" de su vida urbana al tiempo que han aparecido sistemas y estructuras que conducen con mayor democracia a la urbe y movimientos urbano-opulares que inciden en el cambio. La presente edición revisada se complementa con una participación de Alfonso Iracheta, quien ofrece unpunto de vista sobre el fenómeno metropolitano, tomando como perspectiva la otra cara de la megaciudad: los municipios del Estado de México conurbados con el Distrito Federal. | ||
| 649 | |a XX | ||
| 650 | |a Desarrollo Urbano - |z México (Ciudad) | ||
| 650 | |a Zonificación Urbana - |z México (Ciudad) | ||
| 650 | |a Transporte Urbano - |z México (Ciudad) | ||
| 650 | |a Sistema de Transporte - |z México (Ciudad) | ||
| 650 | |a Infraestructura Urbana - |z México (Ciudad) | ||
| 650 | |a Planeación Urbana - |z México (Ciudad) | ||
| 650 | |a Arquitectura - |z México (Ciudad) | ||
| 650 | |a Economía - |z México (Ciudad) | ||
| 650 | |a Igualdad y Desigualdad - |z México (Ciudad) | ||
| 650 | |a Problemas Sociales - |z México (Ciudad) | ||
| 650 | |a Política Urbana - |z México (Ciudad) | ||
| 650 | |a Urbanismo - |z México (Ciudad) | ||
| 650 | |a México (Ciudad) - |x Condiciones Sociales y Culturales | ||
| 650 | |a México (Ciudad) - |x Condiciones Económicas | ||
| 650 | |a Sociología Urbana | ||
| 700 | |a Iracheta Cenecorta, Alfonso X. |e (actualización) | ||
| 910 | |a Fondo General | ||
| 920 | |a Impresos - Libros | ||
| 930 | |a Colección General | ||
| 905 | |a 101 | ||
| 901 | |a 0500125330 |b IT1 |c ACC |u 20250521 | ||
| 902 | |a https://opac.biblio.iteso.mx/vufind/Record/000184495 | ||